[Event "Santiago op"]
[Site "Santiago de Compostela"]
[Date "1995.??.??"]
[Round "?"]
[White "Caselas Cabanas, Jacobo"]
[Black "Vega Holm, Fernando"]
[Result "1/2-1/2"]
[WhiteElo "2315"]
[BlackElo "2335"]
[PlyCount "121"]
[EventDate "1995.??.??"]
[EventType "swiss"]
[EventRounds "9"]
[EventCountry "ESP"]
[SourceTitle "EXT 1998"]
[Source "ChessBase"]
[SourceDate "1997.11.17"]
[SourceVersion "1"]
[SourceVersionDate "1997.11.17"]
[SourceQuality "1"]

1. d4 Nf6 2. c4 e5 3. dxe5 Ng4 4. Nf3 Bc5 5. e3 Nc6 6. Nc3 0-0 7. Be2 Ngxe5 8. Nxe5 Nxe5 9. 0-0 Re8 10. b3 a5 11. Na4 Bf8 12. Bb2 d6 13. Qd2 Bf5 14. Nc3 Qh4 15. Nd5 Re6 16. Qd4 Be4 17. f3 Nc6 18. Qd2 Bxd5 19. cxd5 Rh6 20. h3 Ne7 21. Rac1 Qg3 22. Qe1 Qxe1 23. Rfxe1 Nxd5 24. e4 Nf4 25. Rxc7 Rg6 26. Bf1 Nxh3+ 27. Kh2 Ng5 28. Rxb7 d5 29. e5 Bc5 30. Bd3 Bf2 31. Bxg6 Bxe1 32. Bd3 Ne6 33. Rd7 Rd8 34. Rxd8+ Nxd8 35. Kg1 Ne6 36. a3 d4 37. Kf1 Bg3 38. Bf5 Bxe5 39. b4 axb4 40. axb4 Bd6 41. b5 Bc5 42. g3 Nc7 43. Bd3 Kf8 44. Bc4 Ke7 45. Ke2 Kd6 46. Kd3 Ke5 47. Ba1 g5 48. Bxf7 Nxb5 49. Kc4 Nd6+ 50. Kxc5 Nxf7 51. Bxd4+ Kf5 52. Kd5 g4 53. fxg4+ Kxg4 54. Bf2 Ng5 55. Ke5 h6 56. Kd4 Kf3 57. Be1 Ne4 58. Ba5 Ng5 59. Be1 Kg2 60. Ke3 Nf3 61. Ba5 1/2-1/2

[Event "Santiago op"]
[Site "Santiago de Compostela"]
[Date "1995.??.??"]
[Round "?"]
[White "Del Rey, Diego"]
[Black "Vega Holm, Fernando"]
[Result "1/2-1/2"]
[WhiteElo "2315"]
[BlackElo "2335"]
[PlyCount "77"]
[EventDate "1995.??.??"]
[EventType "swiss"]
[EventRounds "9"]
[EventCountry "ESP"]
[SourceTitle "EXT 1998"]
[Source "ChessBase"]
[SourceDate "1997.11.17"]
[SourceVersion "1"]
[SourceVersionDate "1997.11.17"]
[SourceQuality "1"]

1. c4 e6 2. d4 f5 3. g3 Nf6 4. Bg2 Be7 5. Nc3 0-0 6. Nf3 d5 7. 0-0 c6 8. b3 Qe8 9. Ne5 Nbd7 10. Nd3 Ne4 11. Bb2 Bd6 12. e3 Rf6 13. c5 Bc7 14. f4 Rh6 15. Nxe4 dxe4 16. Ne5 Nf6 17. Re1 Qe7 18. b4 Bd7 19. a4 Bxe5 20. dxe5 Nd5 21. Qd2 g5 22. Bd4 Rg6 23. Kh1 h5 24. fxg5 Qxg5 25. Rg1 Kh7 26. Rab1 Rag8 27. Qf2 a6 28. Bf1 h4 29. Bc4 Qh5 30. gxh4 Rxg1+ 31. Rxg1 Rxg1+ 32. Qxg1 Qxh4 33. Bxd5 cxd5 34. a5 Bb5 35. Qg3 Qh5 36. Kg2 Qd1 37. Qh4+ Kg6 38. Qf6+ Kh7 39. Qh4+ 1/2-1/2

[Event "Santiago op"]
[Site "Santiago de Compostela"]
[Date "1995.??.??"]
[Round "?"]
[White "Permuy Lorenzo, Carlos Javier"]
[Black "Vega Holm, Fernando"]
[Result "1-0"]
[WhiteElo "2350"]
[BlackElo "2335"]
[PlyCount "139"]
[EventDate "1995.??.??"]
[EventType "swiss"]
[EventRounds "9"]
[EventCountry "ESP"]
[SourceTitle "EXT 1998"]
[Source "ChessBase"]
[SourceDate "1997.11.17"]
[SourceVersion "1"]
[SourceVersionDate "1997.11.17"]
[SourceQuality "1"]

1. e4 e6 2. d3 d5 3. Nd2 c5 4. Ngf3 Nc6 5. g3 Bd6 6. Bg2 Nge7 7. 0-0 0-0 8. Nh4 Be5 9. f4 Bf6 10. Nhf3 g6 11. e5 Bg7 12. Nb3 b6 13. Be3 a5 14. a4 Ba6 15. Re1 d4 16. Bf2 Ra7 17. Nbd2 Nd5 18. Ne4 Rd7 19. Nfd2 Nce7 20. Nd6 Rxd6 21. exd6 Qxd6 22. Nf1 Nf5 23. Qf3 Nde3 24. Bxe3 dxe3 25. c3 Bxd3 26. Nxe3 Rd8 27. Nxf5 gxf5 28. Red1 c4 29. Qc6 Qb8 30. Bf1 Bf8 31. Bxd3 cxd3 32. Kg2 Bc5 33. Rab1 Rd5 34. b4 axb4 35. cxb4 Bf8 36. Rb3 Qd8 37. Rd2 Bg7 38. Kh3 h6 39. Qc4 b5 40. axb5 Qb6 41. Rdxd3 Rxb5 42. Qc8+ Kh7 43. Qe8 Qg1 44. Qc6 Rxb4 45. Qg2 Qb6 46. Rxb4 Qxb4 47. Rd7 Kg6 48. Qd2 Qe4 49. Qd3 Qc6 50. g4 Qe4 51. Qxe4 fxe4 52. Kg3 f5 53. h4 h5 54. g5 Bc3 55. Kf2 e5 56. Rd6+ Kg7 57. fxe5 Bxe5 58. Rd5 Bb8 59. Rxf5 e3+ 60. Kxe3 Bg3 61. Rb5 Bxh4 62. Kf4 Be1 63. Kf5 h4 64. Rb7+ Kf8 65. Kg6 Bd2 66. Rf7+ Ke8 67. Rh7 Be1 68. Rf7 Bg3 69. Rf3 Ke7 70. Kh7 1-0